000 00616nam a22002052 4500
001 0000021090
005 20151021152607.0
008 120111s xx 000 0 eng d
020 _a1405116589 :
040 _aKABU
_cKABU
100 1 _aChild, John.
_@0000181776
245 1 0 _aOrganization :
_bcontemporary principles and practice /
_cJohn Child.
250 _a1st ed.
260 _aOxford :
_bBlackwell,
_c2005.
300 _axi, 424 p.
650 0 _aOrganizational behavior.
_@0000150790
852 1 _9p6435 KES
908 _a120111
950 _@1
999 _c1668
_d1668